000 00614nam a2200217 4500
003 OSt
005 20251117134221.0
006 a
008 240606b |||||||| |||| 00| 0 eng d
020 _a9716857474
040 _aDWCL-Main lib.
_cOC
082 _2second edition
_aFil. 371.66 L963e 2012
100 _aLucido, Paz I
245 _aEducational technology 2 /
250 _asecond edition
260 _aQuezon City :
_bLorimar Pub.,
_cc2012.
300 _avii,
_b120 p. : ill. ;
_c25 cm.
650 _a1. Educational technology.
700 _aPaz I Lucido
942 _2ddc
_n0
_cBK - FIL
_esecond edition
_kFil.
999 _c297
_d297